000 00681nam a22002297a 4500
001 34942
003 BD-RjUL
005 20211209052232.0
008 140520s1977 bg ||||| |||| 001 0 eng d
035 _a(BD-RjUL)35036
040 _aBD-RjUL
_beng
_cBD-RjUL
_dBD-RjUL
041 _aeng
082 0 0 _a297.261
_bRAP 1977
100 1 _a Rahman, M.Mizanur
_9106366
245 1 4 _aThe philosophy of al-Ghazālī /
_cby M. Mizanur Rahman
250 _a1st. ed.
260 _aChittagong :
_bInternational Islamic Philosophical Society,
_c1977
300 _aix, 150 p. ;
_c21 cm.
504 _aIncludes Bibliography and index
650 0 _aIslamic philosophy.
_996029
942 _2ddc
_cBK
999 _c34942
_d34942